| 000 -LEADER |
| fixed length control field |
01317cam a2200301 a 4500 |
| 001 - CONTROL NUMBER |
| control field |
12993103 |
| 003 - CONTROL NUMBER IDENTIFIER |
| control field |
Nust |
| 005 - DATE AND TIME OF LATEST TRANSACTION |
| control field |
20170226152258.0 |
| 008 - FIXED-LENGTH DATA ELEMENTS--GENERAL INFORMATION |
| fixed length control field |
021105s2002 nyuab 000 1 eng |
| 010 ## - LIBRARY OF CONGRESS CONTROL NUMBER |
| LC control number |
2002728096 |
| 020 ## - INTERNATIONAL STANDARD BOOK NUMBER |
| International Standard Book Number |
9781904233190 |
| 040 ## - CATALOGING SOURCE |
| Original cataloging agency |
DLC |
| Transcribing agency |
DLC |
| Modifying agency |
DLC |
| 050 00 - LIBRARY OF CONGRESS CALL NUMBER |
| Classification number |
PS3560.O7617 |
| Item number |
T6 2002 |
| 082 00 - DEWEY DECIMAL CLASSIFICATION NUMBER |
| Classification number |
813.54 |
| Author Mark |
JOR |
| 100 1# - MAIN ENTRY--PERSONAL NAME |
| Personal name |
Jordan, Robert, |
| Dates associated with a name |
1948-2007. |
| 245 10 - TITLE STATEMENT |
| Title |
To the blight : |
| Remainder of title |
part two of the eye of the world / |
| Statement of responsibility, etc. |
Robert Jordan. |
| 250 ## - EDITION STATEMENT |
| Edition statement |
1st Starscape ed. |
| 260 ## - PUBLICATION, DISTRIBUTION, ETC. |
| Place of publication, distribution, etc. |
New York : |
| Name of publisher, distributor, etc. |
Tom Doherty Associates, |
| Date of publication, distribution, etc. |
2003. |
| 300 ## - PHYSICAL DESCRIPTION |
| Extent |
500 p. : |
| Dimensions |
20 cm. |
| 490 1# - SERIES STATEMENT |
| Series statement |
The wheel of time ; |
| Volume/sequential designation |
bk. 1 |
| 650 #0 - SUBJECT ADDED ENTRY--TOPICAL TERM |
| Topical term or geographic name entry element |
Rand al'Thor (Fictitious character) |
| Form subdivision |
Fiction. |
| 655 #7 - INDEX TERM--GENRE/FORM |
| Genre/form data or focus term |
Fantasy fiction. |
| Source of term |
gsafd |
| 800 1# - SERIES ADDED ENTRY--PERSONAL NAME |
| Personal name |
Jordan, Robert, |
| Dates associated with a name |
1948-2007. |
| Title of a work |
Wheel of time ; |
| Volume/sequential designation |
bk. 1. |
| 856 42 - ELECTRONIC LOCATION AND ACCESS |
| Materials specified |
Publisher description |
| Uniform Resource Identifier |
<a href="http://www.loc.gov/catdir/description/hol052/2002728096.html">http://www.loc.gov/catdir/description/hol052/2002728096.html</a> |
| 856 42 - ELECTRONIC LOCATION AND ACCESS |
| Materials specified |
Contributor biographical information |
| Uniform Resource Identifier |
<a href="http://www.loc.gov/catdir/enhancements/fy0731/2002728096-b.html">http://www.loc.gov/catdir/enhancements/fy0731/2002728096-b.html</a> |
| 856 41 - ELECTRONIC LOCATION AND ACCESS |
| Materials specified |
Sample text |
| Uniform Resource Identifier |
<a href="http://www.loc.gov/catdir/enhancements/fy1207/2002728096-s.html">http://www.loc.gov/catdir/enhancements/fy1207/2002728096-s.html</a> |
| 906 ## - LOCAL DATA ELEMENT F, LDF (RLIN) |
| a |
7 |
| b |
cbc |
| c |
orignew |
| d |
2 |
| e |
ncip |
| f |
20 |
| g |
y-gencatlg |
| 942 ## - ADDED ENTRY ELEMENTS (KOHA) |
| Source of classification or shelving scheme |
|
| Koha item type |
Book |